[Event "Championnat de France - Open A"]
[Site "NANCY"]
[Date "2013.08.14"]
[Round "3.8"]
[White "Dudognon, Thibault"]
[Black "Smith, Matthieu"]
[Result "1-0"]
[WhiteElo "2001"]
[BlackElo "2111"]
[PlyCount "73"]
[EventDate "2013.??.??"]

1. e4 d6 2. d4 Nf6 3. Nc3 e5 4. Nf3 Nbd7 5. Bc4 Be7 6. O-O O-O 7. Re1 c6 8. a4
b6 9. d5 c5 10. a5 bxa5 11. Nd2 a6 12. Nb3 Nb6 13. Nxa5 Nxc4 14. Nxc4 Ne8 15.
Na4 f5 16. Nab6 Rb8 17. Nxc8 Qxc8 18. exf5 Qxf5 19. f3 Ra8 20. Nd2 Rf6 21. Ne4
Rg6 22. Qe2 Nc7 23. c4 Rb8 24. Ra3 Qc8 25. Qc2 Qb7 26. Ree3 Na8 27. Reb3 Nb6
28. Bd2 Qc8 29. Ba5 Nd7 30. Rxb8 Qxb8 31. Bd2 Nf6 32. Nxf6+ Bxf6 33. Rxa6 Be7
34. Bc3 Qc8 35. Qa4 Qh3 36. Qe8+ Bf8 37. Qxg6 1-0

[Event "Championnat de France - Open A"]
[Site "NANCY"]
[Date "2013.08.14"]
[Round "3.9"]
[White "Rapon, Karl-Loic"]
[Black "Callet, Emmanuel"]
[Result "1/2-1/2"]
[WhiteElo "2078"]
[BlackElo "2183"]
[PlyCount "107"]
[EventDate "2013.??.??"]

1. Nf3 Nf6 2. c4 g6 3. Nc3 Bg7 4. g3 d6 5. d4 Nbd7 6. Bg2 O-O 7. O-O e5 8. dxe5
dxe5 9. h3 c6 10. Be3 Qc7 11. Qc1 Re8 12. Rd1 Bf8 13. a3 a5 14. b3 Nc5 15. Qb2
Nfd7 16. b4 Ne6 17. b5 Ndc5 18. b6 Qb8 19. Qc2 Bg7 20. Rab1 a4 21. Rb4 Nb3 22.
Rxa4 Ned4 23. Qb2 Be6 24. Rb4 Nxf3+ 25. exf3 Nd4 26. c5 Ra5 27. Ne4 Rf8 28. f4
Nf5 29. Bc1 exf4 30. Nf6+ Kh8 31. Bxf4 Qa8 32. g4 Ne7 33. Bd6 Nd5 34. Bxd5 Bxd5
35. g5 Bf3 36. Rc4 Bh5 37. Qb1 Bxf6 38. gxf6 Rg8 39. Re1 Rxa3 40. Qe4 Ra1 41.
Kh2 Rxe1 42. Qxe1 Re8 43. Re4 Rxe4 44. Qxe4 h6 45. Qe7 Kg8 46. h4 Qc8 47. Bf4
g5 48. hxg5 hxg5 49. Qe5 Qg4 50. Bxg5 Kh7 51. Qg3 Kg6 52. Bh4 Qxg3+ 53. fxg3
Bf3 54. Kh3 1/2-1/2

[Event "Championnat de France - Open A"]
[Site "NANCY"]
[Date "2013.08.14"]
[Round "3.10"]
[White "Bianchi, Guillaume"]
[Black "Heurtebize, Christophe"]
[Result "1-0"]
[WhiteElo "2175"]
[BlackElo "2086"]
[PlyCount "49"]
[EventDate "2013.??.??"]

1. Nf3 Nf6 2. c4 c5 3. Nc3 Nc6 4. d4 cxd4 5. Nxd4 Nxd4 6. Qxd4 g6 7. c5 Bg7 8.
g3 O-O 9. Bg2 Qa5 10. b4 Qd8 11. Bb2 Rb8 12. Rd1 Ne8 13. Qf4 Qc7 14. Qe3 Qe5
15. Qd2 Qe6 16. Nd5 b6 17. cxb6 axb6 18. h4 Bb7 19. h5 Nf6 20. hxg6 fxg6 21.
Qg5 Rf7 22. Qh4 Bxd5 23. Bxd5 Nxd5 24. Qxh7+ Kf8 25. Qh8+ 1-0

[Event "Championnat de France - Open A"]
[Site "NANCY"]
[Date "2013.08.15"]
[Round "4.1"]
[White "Daurelle, Herve"]
[Black "Mirimanian, Haik"]
[Result "0-1"]
[WhiteElo "2196"]
[BlackElo "2111"]
[PlyCount "156"]
[EventDate "2013.??.??"]

1. e4 g6 2. d4 Bg7 3. Nf3 c6 4. Be2 d5 5. e5 Bg4 6. Nbd2 e6 7. h3 Bxf3 8. Nxf3
c5 9. c3 Qb6 10. O-O Ne7 11. a4 Nd7 12. a5 Qc7 13. b4 Nc6 14. Qa4 c4 15. b5 Ne7
16. Ba3 Nc8 17. Qc2 Bf8 18. Bxf8 Kxf8 19. Nh2 Ne7 20. Qd2 Kg7 21. Bd1 b6 22. a6
f6 23. exf6+ Nxf6 24. Bc2 Nf5 25. Rfe1 Rhe8 26. Ng4 Nxg4 27. hxg4 Nd6 28. Re3
Re7 29. Rae1 Rae8 30. Rh3 Nf7 31. f4 Qd7 32. Qf2 Nh8 33. Qh4 Kg8 34. Rhe3 Qd6
35. f5 e5 36. f6 Re6 37. Qh6 Qf8 38. Qh2 Qxf6 39. dxe5 Qg5 40. Qg3 Nf7 41. Bf5
gxf5 42. gxf5 R6e7 43. e6 Qxg3 44. Rxg3+ Kf8 45. Rd1 Nd6 46. Rxd5 Ne4 47. Rh3
Nf6 48. Rd4 Rc7 49. g4 Ke7 50. g5 Rg8 51. Rg3 Ne8 52. Kf2 Nd6 53. f6+ Kxe6 54.
Re3+ Kf7 55. Rxd6 Rxg5 56. Rc6 Rf5+ 57. Rf3 Rxc6 58. bxc6 Rc5 59. Rh3 h5 60.
Ke3 Kxf6 61. c7 Kg5 62. Rg3+ Kh6 63. Rg8 Rxc7 64. Rb8 h4 65. Kf4 Rg7 66. Rh8+
Rh7 67. Rg8 h3 68. Rd8 h2 69. Rd1 Kg6 70. Rd6+ Kh5 71. Rd1 Rg7 72. Rd8 Rh7 73.
Rd1 Kh4 74. Kf3 Kh3 75. Kf4 Rf7+ 76. Kg5 Kg2 77. Kg6 Rf1 78. Rd2+ Rf2 0-1

[Event "Championnat de France - Open A"]
[Site "NANCY"]
[Date "2013.08.15"]
[Round "4.2"]
[White "Kassis, Antoine"]
[Black "Messinger, Karl"]
[Result "1-0"]
[WhiteElo "2108"]
[BlackElo "2139"]
[PlyCount "51"]
[EventDate "2013.??.??"]

1. d4 Nf6 2. c4 e6 3. Nf3 Bb4+ 4. Nbd2 b6 5. a3 Bxd2+ 6. Qxd2 Bb7 7. e3 Ne4 8.
Qc2 d6 9. Be2 Nd7 10. b4 f5 11. O-O O-O 12. d5 exd5 13. Nd4 Qe7 14. cxd5 Bxd5
15. f3 Ng5 16. Nxf5 Qe5 17. e4 Nxe4 18. fxe4 Bxe4 19. Qb3+ d5 20. Bb2 Qe6 21.
Qg3 Rf7 22. Bh5 Bxf5 23. Bxf7+ Kxf7 24. Qxg7+ Ke8 25. Rae1 Be4 26. Qh8+ 1-0

[Event "Championnat de France - Open A"]
[Site "NANCY"]
[Date "2013.08.15"]
[Round "4.3"]
[White "Savalle, Alexandre"]
[Black "Rubino, William"]
[Result "0-1"]
[WhiteElo "2016"]
[BlackElo "2123"]
[PlyCount "69"]
[EventDate "2013.??.??"]

1. e4 c5 2. Nf3 d6 3. d4 cxd4 4. Nxd4 Nf6 5. Nc3 a6 6. Be3 Ng4 7. Bg5 h6 8. Bh4
g5 9. Bg3 Bg7 10. h3 Ne5 11. f3 Nbc6 12. Bf2 Be6 13. Qd2 Qa5 14. Be2 Nc4 15.
Bxc4 Bxc4 16. Nf5 Be5 17. Ne3 Bxc3 18. bxc3 Ne5 19. h4 O-O-O 20. Qd4 Be6 21.
O-O gxh4 22. Bxh4 Ng6 23. Be1 Nf4 24. Kf2 Rhg8 25. Rh1 Qg5 26. g4 h5 27. Bd2
hxg4 28. fxg4 Bxg4 29. Rag1 Nh3+ 30. Rxh3 Qf4+ 31. Ke1 Bxh3 32. Nd5 Rxg1+ 33.
Qxg1 Qxe4+ 34. Ne3 Be6 35. Kd1 0-1

[Event "Championnat de France - Open A"]
[Site "NANCY"]
[Date "2013.08.15"]
[Round "4.4"]
[White "Najart, David"]
[Black "Dudognon, Thibault"]
[Result "1/2-1/2"]
[WhiteElo "2156"]
[BlackElo "2001"]
[PlyCount "86"]
[EventDate "2013.??.??"]

1. c4 e5 2. g3 Nf6 3. Bg2 d5 4. cxd5 Nxd5 5. Nf3 Nc6 6. O-O Be7 7. d4 exd4 8.
Nxd4 Nxd4 9. Qxd4 Nf6 10. Qa4+ c6 11. Rd1 Bd7 12. Nc3 O-O 13. Bg5 Qc8 14. Rac1
h6 15. Bf4 Bh3 16. e4 Bxg2 17. Kxg2 Qe6 18. f3 Rfd8 19. Rxd8+ Bxd8 20. Be3 Nd7
21. Ne2 Nb6 22. Qb3 Qxb3 23. axb3 Bc7 24. f4 Rd8 25. Nd4 Nc8 26. Nf5 Bb6 27.
Kf3 Rd3 28. Rc3 Rd7 29. h4 Kf8 30. Ke2 Ne7 31. Bxb6 axb6 32. Nxe7 Kxe7 33. Rd3
Rxd3 34. Kxd3 h5 35. Kd4 Ke6 36. b4 g6 37. Ke3 Kd6 38. b3 b5 39. Kd4 b6 40. Kd3
c5 41. Kc3 Ke6 42. Kd3 Kd6 43. Kc3 Ke6 1/2-1/2

[Event "Championnat de France - Open A"]
[Site "NANCY"]
[Date "2013.08.15"]
[Round "4.5"]
[White "Milesi, Laurent"]
[Black "Moucheroud, Jeremy"]
[Result "1-0"]
[WhiteElo "2138"]
[BlackElo "2185"]
[PlyCount "77"]
[EventDate "2013.??.??"]

1. e4 c5 2. Nf3 d6 3. d4 cxd4 4. Nxd4 Nf6 5. Nc3 a6 6. Bc4 e6 7. Bb3 Nbd7 8.
Be3 Nc5 9. f3 b5 10. Qd2 Bb7 11. O-O-O Be7 12. g4 Nfd7 13. h4 Nb6 14. a3 Nc4
15. Bxc4 bxc4 16. g5 Qc7 17. Qe2 Nd7 18. h5 Nf8 19. f4 Rb8 20. Nf3 Ba8 21. Bd4
Rg8 22. Nd2 Rc8 23. Na4 Nd7 24. Rh3 Bc6 25. Nc3 Bb7 26. Qg4 Qa5 27. g6 hxg6 28.
hxg6 Nf6 29. gxf7+ Kxf7 30. Qe2 Qc7 31. e5 Ne8 32. f5 exf5 33. e6+ Kf8 34. Qh5
Bf6 35. Qxf5 Ke7 36. Nde4 Bxe4 37. Nxe4 Bxd4 38. Qf7+ Kd8 39. Rxd4 1-0

[Event "Championnat de France - Open A"]
[Site "NANCY"]
[Date "2013.08.15"]
[Round "4.6"]
[White "Veron, Cyprien"]
[Black "Bianchi, Guillaume"]
[Result "0-1"]
[WhiteElo "2078"]
[BlackElo "2175"]
[PlyCount "76"]
[EventDate "2013.??.??"]

1. Nf3 Nf6 2. c4 g6 3. g3 Bg7 4. Bg2 O-O 5. O-O d6 6. d4 Nc6 7. d5 Na5 8. Nfd2
c5 9. Nc3 a6 10. Qc2 Rb8 11. Rb1 Bf5 12. e4 Bd7 13. h3 e5 14. Kh2 h5 15. b3 b5
16. cxb5 axb5 17. b4 cxb4 18. Rxb4 Qc7 19. Ba3 Rfc8 20. Rc1 Bh6 21. Bf1 h4 22.
Qd1 hxg3+ 23. fxg3 Qc5 24. Qe1 Qe3 25. Qxe3 Bxe3 26. Ncb1 Bc5 27. Nc3 Be3 28.
Ncb1 Rxc1 29. Bxc1 Rc8 30. Ba3 Bc5 31. Rb2 Bd4 32. Rb4 Rc2 33. Bxb5 Bxb5 34.
Rxb5 Nc4 35. Rb8+ Kg7 36. Bb4 Nxe4 37. Rc8 Bc5 38. Bxc5 Nxc5 0-1

[Event "Championnat de France - Open A"]
[Site "NANCY"]
[Date "2013.08.15"]
[Round "4.7"]
[White "Brest, Jean-Francois"]
[Black "Herrmann, Jean-Philippe"]
[Result "1-0"]
[WhiteElo "2079"]
[BlackElo "2198"]
[PlyCount "59"]
[EventDate "2013.??.??"]

1. d4 Nf6 2. c4 e6 3. Nc3 Bb4 4. Nf3 b6 5. g3 Ba6 6. Qb3 Nc6 7. Bg2 Qe7 8. a3
Bxc3+ 9. Qxc3 Na5 10. Ne5 d5 11. c5 O-O 12. a4 Ne4 13. Bxe4 dxe4 14. b4 f6 15.
Ng4 bxc5 16. bxa5 cxd4 17. Qxd4 Rfd8 18. Qc3 Rab8 19. Ba3 Qd7 20. Qc2 Qd5 21.
O-O Qh5 22. Qxe4 Re8 23. Ne3 Bxe2 24. Rfc1 Bf3 25. Qc4 c6 26. Rab1 Rbd8 27. Rb7
Qxa5 28. Qf4 Bd5 29. Bb4 e5 30. Qg4 1-0

[Event "Championnat de France - Open A"]
[Site "NANCY"]
[Date "2013.08.15"]
[Round "4.8"]
[White "Callet, Emmanuel"]
[Black "Helfer, Remi"]
[Result "0-1"]
[WhiteElo "2183"]
[BlackElo "2064"]
[PlyCount "64"]
[EventDate "2013.??.??"]

1. e4 e5 2. Bc4 Nc6 3. d3 Bc5 4. Nf3 Nf6 5. Nc3 d6 6. a3 Be6 7. Nd5 Qd7 8. Bg5
Bxd5 9. exd5 Ne7 10. Qe2 O-O-O 11. O-O-O Rde8 12. Bxf6 gxf6 13. Nd2 Rhg8 14. g3
Bb6 15. Ne4 Rg6 16. h4 Ng8 17. h5 Rg7 18. Qf3 f5 19. Nc3 a6 20. Bb3 Ba7 21. a4
Rg4 22. Rde1 Nh6 23. Re2 Qe7 24. Kb1 Qg5 25. Qg2 f4 26. Qh3 f5 27. gxf4 Qxf4
28. Nd1 Reg8 29. Ne3 R4g5 30. Nc4 Rg1+ 31. Rxg1 Rxg1+ 32. Ka2 Qc1 0-1

[Event "Championnat de France - Open A"]
[Site "NANCY"]
[Date "2013.08.15"]
[Round "4.9"]
[White "Ringuet, Noe"]
[Black "Malassagne, Raphael"]
[Result "1/2-1/2"]
[WhiteElo "2055"]
[BlackElo "2158"]
[PlyCount "80"]
[EventDate "2013.??.??"]

1. e4 c6 2. Nc3 d5 3. Nf3 dxe4 4. Nxe4 Nf6 5. Qe2 Nxe4 6. Qxe4 Nd7 7. Bc4 Nf6
8. Ne5 e6 9. Qe2 Be7 10. c3 O-O 11. d4 c5 12. dxc5 Bxc5 13. Bg5 Be7 14. O-O Nd5
15. Bxe7 Qxe7 16. Bxd5 exd5 17. Rfe1 Be6 18. Qf3 Qf6 19. Qe2 Qe7 20. Qf3 Qf6
21. Qe2 Qe7 22. Qf3 Qf6 23. Qe2 Qe7 24. Qf3 Qf6 25. Qe2 Qe7 26. Qf3 Qf6 27. Qe2
Qe7 28. Qf3 Qf6 29. Qe2 Qe7 30. Qf3 Qf6 31. Qe2 Qe7 32. Qf3 Qf6 33. Qe2 Qe7 34.
Qf3 Qf6 35. Qe2 Qe7 36. Qf3 Qf6 37. Qe2 Qe7 38. Qf3 Qf6 39. Qe2 Qe7 40. Qf3 Qf6
1/2-1/2

[Event "Championnat de France - Open A"]
[Site "NANCY"]
[Date "2013.08.15"]
[Round "4.10"]
[White "Louvrier Saint-Mary, Jean-Roger"]
[Black "Amoyal, Pierre"]
[Result "1-0"]
[WhiteElo "2017"]
[BlackElo "2143"]
[PlyCount "97"]
[EventDate "2013.??.??"]

1. b3 d5 2. Bb2 Bg4 3. Nf3 Nd7 4. h3 Bh5 5. d3 Ngf6 6. g4 Bg6 7. Nh4 e5 8. Nxg6
hxg6 9. Bg2 c6 10. Qd2 Qb6 11. a3 Bc5 12. e3 O-O-O 13. Nc3 Rhe8 14. Na4 Qc7 15.
Nxc5 Nxc5 16. O-O-O e4 17. d4 Ne6 18. Kb1 Kb8 19. Ka1 Nd7 20. Rc1 f5 21. a4 Nf6
22. gxf5 gxf5 23. h4 Rh8 24. Bh3 g6 25. Rcg1 Qf7 26. Bf1 Rh7 27. Ba3 Nc7 28.
Rg2 Rdh8 29. Rhg1 Rg8 30. Bd6 Rxh4 31. Be2 b6 32. Kb2 Kb7 33. Qb4 a5 34. Qe1
Ne6 35. b4 axb4 36. Qxb4 g5 37. a5 Nd7 38. Ra1 Ra8 39. Rgg1 Rhh8 40. Be7 Rhe8
41. Bd6 Qg7 42. c3 Rec8 43. axb6 Nxb6 44. Bc5 Qc7 45. Kc2 Rcb8 46. Bd6 Qd8 47.
Bxb8 Rxb8 48. Rh1 Qd7 49. Ra6 1-0

[Event "Championnat de France - Open A"]
[Site "NANCY"]
[Date "2013.08.16"]
[Round "5.1"]
[White "Rubino, William"]
[Black "Kassis, Antoine"]
[Result "1/2-1/2"]
[WhiteElo "2123"]
[BlackElo "2108"]
[PlyCount "129"]
[EventDate "2013.??.??"]

1. e4 e5 2. Nc3 Nf6 3. Bc4 Nc6 4. d3 Na5 5. Nge2 Be7 6. a3 Nxc4 7. dxc4 c6 8.
O-O O-O 9. Ng3 d6 10. Qe2 Qc7 11. b3 Be6 12. Bb2 Rad8 13. h3 Rfe8 14. Rad1 Bf8
15. Rd2 d5 16. cxd5 cxd5 17. exd5 Nxd5 18. Nxd5 Rxd5 19. Rxd5 Bxd5 20. c4 Bc6
21. Re1 f6 22. Nf5 Rd8 23. Rd1 Rxd1+ 24. Qxd1 Qd7 25. Qxd7 Bxd7 26. Ne3 Be6 27.
h4 Kf7 28. Kf1 Ke7 29. Ke2 Kd7 30. a4 a5 31. Bc3 b6 32. g3 Bc5 33. Kd3 Bf7 34.
Kd2 Bg6 35. f3 Kd6 36. g4 Ke6 37. h5 Be8 38. Ke2 Bc6 39. Nf5 g6 40. hxg6 hxg6
41. Ne3 Kd6 42. Nc2 f5 43. gxf5 gxf5 44. Bd2 Ke6 45. Be3 f4 46. Bf2 Bxf2 47.
Kxf2 Kd6 48. Ne1 Kc5 49. Ke2 e4 50. Kd2 Bb7 51. Kc3 exf3 52. Nd3+ Kd6 53. Kd4
Bc6 54. Nf2 Ke6 55. Nh3 Kf5 56. Nf2 Bb7 57. c5 bxc5+ 58. Kxc5 Bc8 59. b4 axb4
60. Kxb4 Kg5 61. Kc3 Kh4 62. Kd2 Kg3 63. Ke1 Ba6 64. Ne4+ Kg2 65. Nf2 1/2-1/2

[Event "Championnat de France - Open A"]
[Site "NANCY"]
[Date "2013.08.16"]
[Round "5.2"]
[White "Mirimanian, Haik"]
[Black "Milesi, Laurent"]
[Result "1-0"]
[WhiteElo "2111"]
[BlackElo "2138"]
[PlyCount "59"]
[EventDate "2013.??.??"]

1. e4 g6 2. Nc3 Bg7 3. g3 b6 4. Bg2 Bb7 5. Nge2 d6 6. d4 e6 7. Be3 Nd7 8. Qd2
h6 9. h3 Ne7 10. g4 a6 11. f4 b5 12. Ng3 h5 13. gxh5 gxh5 14. Qe2 Ng6 15. f5
Nh4 16. fxe6 Nxg2+ 17. Qxg2 fxe6 18. Nxh5 Qh4+ 19. Ng3 O-O-O 20. O-O-O Rhg8 21.
Rhg1 Nf6 22. d5 b4 23. Nce2 Nh5 24. Qf3 Nxg3 25. Rxg3 Rdf8 26. Rxg7 Rxf3 27.
Rxg8+ Rf8 28. Rxf8+ Kd7 29. Rdf1 exd5 30. R1f7+ 1-0

[Event "Championnat de France - Open A"]
[Site "NANCY"]
[Date "2013.08.16"]
[Round "5.3"]
[White "Dudognon, Thibault"]
[Black "Brest, Jean-Francois"]
[Result "1-0"]
[WhiteElo "2001"]
[BlackElo "2079"]
[Annotator "Rivier,Sylvain"]
[PlyCount "81"]
[EventDate "2013.??.??"]

1. e4 e5 2. Nf3 Nc6 3. Bb5 a6 4. Ba4 Nf6 5. O-O Be7 6. Re1 b5 7. Bb3 O-O 8. c3
d6 9. h3 Nb8 10. d4 Nbd7 11. Nbd2 Bb7 12. Bc2 Re8 13. Nf1 Bf8 14. Ng3 g6 15. b3
c6 16. Bg5 h6 17. Be3 Qc7 18. Qd2 Kh7 19. Nh2 h5 20. Rf1 h4 21. Ne2 exd4 22.
cxd4 Nxe4 23. Bxe4 Rxe4 24. Nf3 Rc8 25. Nc3 c5 26. d5 Bg7 27. Rac1 Nb6 28. a3
Qd7 29. Nxh4 Re5 30. Nf3 Rf5 31. Ng5+ Kg8 32. g4 Rxd5 33. Nxd5 Nxd5 34. b4 Qc6
35. f3 Nxe3 36. Qxe3 Re8 37. Qf4 Qd5 38. Ne4 Qd4+ 39. Kg2 Bd5 40. Qd2 Qxd2+ 41.
Nxd2 {suite illisible} 1-0

[Event "Championnat de France - Open A"]
[Site "NANCY"]
[Date "2013.08.16"]
[Round "5.4"]
[White "Bianchi, Guillaume"]
[Black "Daurelle, Herve"]
[Result "1-0"]
[WhiteElo "2175"]
[BlackElo "2196"]
[PlyCount "79"]
[EventDate "2013.??.??"]

1. Nf3 Nf6 2. c4 e6 3. g3 d5 4. d4 c6 5. Qc2 Nbd7 6. Bg2 Be7 7. O-O O-O 8. Bf4
b6 9. Rd1 Bb7 10. Nfd2 Rc8 11. e4 c5 12. exd5 exd5 13. Nb3 cxd4 14. Nxd4 Rxc4
15. Qxc4 dxc4 16. Bxb7 Nc5 17. Bf3 Nd3 18. Nc6 Qe8 19. Be3 Nb4 20. Nxe7+ Qxe7
21. Na3 Rc8 22. Rac1 Nxa2 23. Rxc4 Rxc4 24. Nxc4 h6 25. Bf4 Qe6 26. Ne3 Nb4 27.
h4 b5 28. g4 a5 29. g5 hxg5 30. hxg5 Ne4 31. Rd8+ Kh7 32. Bg4 Qe7 33. Rd7 Qe8
34. Rc7 Nxg5 35. Bxg5 Qe5 36. Bf5+ g6 37. Rxf7+ Kg8 38. Re7 Qxe7 39. Bxe7 gxf5
40. Bxb4 1-0

[Event "Championnat de France - Open A"]
[Site "NANCY"]
[Date "2013.08.16"]
[Round "5.5"]
[White "Garnier, Teddy"]
[Black "Najart, David"]
[Result "0-1"]
[WhiteElo "2051"]
[BlackElo "2156"]
[PlyCount "66"]
[EventDate "2013.??.??"]

1. e4 c5 2. c3 d5 3. exd5 Qxd5 4. d4 Nc6 5. Nf3 Bf5 6. Be3 Nf6 7. Qb3 Qxb3 8.
axb3 cxd4 9. Nxd4 Nxd4 10. Bxd4 a6 11. Nd2 O-O-O 12. Nc4 Nd7 13. Be2 f6 14.
O-O-O e5 15. Nb6+ Kc7 16. Nxd7 Bxd7 17. Be3 Bd6 18. Bb6+ Kxb6 19. Rxd6+ Kc7 20.
Rhd1 Bc6 21. Rxd8 Rxd8 22. Rxd8 Kxd8 23. f3 Ke7 24. b4 Ke6 25. Kd2 f5 26. Bc4+
Bd5 27. b3 g5 28. g3 h5 29. Ke3 Kd6 30. f4 exf4+ 31. gxf4 Bxc4 32. bxc4 g4 33.
h3 a5 0-1

[Event "Championnat de France - Open A"]
[Site "NANCY"]
[Date "2013.08.16"]
[Round "5.6"]
[White "Messinger, Karl"]
[Black "Wonner, Frank"]
[Result "1-0"]
[WhiteElo "2139"]
[BlackElo "2046"]
[PlyCount "87"]
[EventDate "2013.??.??"]

1. e4 e6 2. d4 d5 3. Nd2 Nf6 4. e5 Nfd7 5. f4 c5 6. c3 Nc6 7. Ndf3 cxd4 8. cxd4
Qb6 9. a3 Be7 10. b4 a6 11. Bb2 Qc7 12. Bd3 b5 13. f5 exf5 14. Ne2 Nb6 15. Nf4
Be6 16. Nd2 Nc4 17. Nxc4 bxc4 18. Bc2 Qb6 19. Bc3 g6 20. Rb1 Bg5 21. Qd2 h6 22.
g3 Rd8 23. h4 Be7 24. a4 Rb8 25. b5 Na7 26. a5 Qb7 27. b6 Nc6 28. O-O h5 29.
Kg2 Rg8 30. Kh2 Rd8 31. Ba4 Kf8 32. Bxc6 Qxc6 33. Bb4 Qb7 34. Bxe7+ Kxe7 35.
Ne2 Ke8 36. Qb4 Bc8 37. Nc3 Bd7 38. Qd6 Bc6 39. Qf6 Rd7 40. Rfe1 Re7 41. e6
fxe6 42. Rxe6 Rxe6 43. Qxe6+ Kf8 44. Qf6+ 1-0

[Event "Championnat de France - Open A"]
[Site "NANCY"]
[Date "2013.08.16"]
[Round "5.7"]
[White "Samoun, Florent"]
[Black "Louvrier Saint-Mary, Jean-Roger"]
[Result "1-0"]
[WhiteElo "2116"]
[BlackElo "2017"]
[PlyCount "47"]
[EventDate "2013.??.??"]

1. e4 c5 2. Nc3 e6 3. g3 Nc6 4. Bg2 Nf6 5. d3 a6 6. f4 d6 7. Nf3 g6 8. O-O Bg7
9. h3 O-O 10. g4 Nd4 11. Ne2 Ne8 12. Ng3 f5 13. c3 Nxf3+ 14. Qxf3 Bd7 15. exf5
Bc6 16. Qe2 Bxg2 17. Qxe6+ Kh8 18. Kxg2 Nc7 19. Qe2 b5 20. Bd2 d5 21. fxg6 hxg6
22. g5 d4 23. f5 Nd5 24. fxg6 1-0

[Event "Championnat de France - Open A"]
[Site "NANCY"]
[Date "2013.08.16"]
[Round "5.8"]
[White "Peyre, Thomas"]
[Black "Kramo, Sosthene"]
[Result "1-0"]
[WhiteElo "2098"]
[BlackElo "1954"]
[Annotator "Rivier,Sylvain"]
[PlyCount "73"]
[EventDate "2013.??.??"]

1. e4 e5 2. Nf3 Nc6 3. Bc4 Bc5 4. c3 Nf6 5. d3 a6 6. Nbd2 Ba7 7. Bb3 O-O 8. O-O
d6 9. Nc4 b5 10. Ne3 Na5 11. Bc2 c5 12. h3 Nc6 13. Qe2 h6 14. g4 Nh7 15. Nf5
Re8 16. Kh2 Ng5 17. Rg1 Bxf5 18. gxf5 Nxf3+ 19. Qxf3 Qf6 20. Qh5 Kf8 21. h4 Ne7
22. Bd2 d5 23. Rg4 dxe4 24. dxe4 Red8 25. Be3 c4 26. Kh3 Bxe3 27. fxe3 Rd6 28.
a4 b4 29. cxb4 Rb6 30. Rd1 Rxb4 31. Rd2 Qb6 32. Kh2 Rxb2 33. f6 Ng6 34. fxg7+
Kxg7 35. Rdg2 Rf8 36. Qxe5+ Kh7 37. Qg3 {suite illisible} 1-0

[Event "Championnat de France - Open A"]
[Site "NANCY"]
[Date "2013.08.16"]
[Round "5.9"]
[White "Helfer, Remi"]
[Black "Savalle, Alexandre"]
[Result "1-0"]
[WhiteElo "2064"]
[BlackElo "2016"]
[PlyCount "73"]
[EventDate "2013.??.??"]

1. e4 c5 2. d4 cxd4 3. c3 dxc3 4. Nxc3 a6 5. Bc4 e6 6. Nf3 Ne7 7. Bg5 f6 8. Be3
b5 9. Bb3 Nbc6 10. O-O Ng6 11. Nd5 Rb8 12. Re1 d6 13. Rc1 Bd7 14. Nf4 Nxf4 15.
Bxf4 Ne5 16. Nxe5 dxe5 17. Bxe5 fxe5 18. Qh5+ Ke7 19. Qxe5 Rc8 20. f4 Qb6+ 21.
Kh1 Qd6 22. Qg5+ Ke8 23. Rxc8+ Bxc8 24. Rd1 Qe7 25. Qe5 Bd7 26. Qb8+ Kf7 27. f5
Kf6 28. Qc7 Be8 29. Qc3+ e5 30. Be6 Qc5 31. Qh3 g5 32. fxg6 Bxg6 33. Rf1+ Kg7
34. Qg4 h5 35. Qg5 Kh7 36. Rf7+ Bxf7 37. Bf5+ 1-0

[Event "Championnat de France - Open A"]
[Site "NANCY"]
[Date "2013.08.16"]
[Round "5.10"]
[White "Duchateau, Thomas"]
[Black "Naudier, Serge"]
[Result "0-1"]
[WhiteElo "2075"]
[BlackElo "2194"]
[PlyCount "44"]
[EventDate "2013.??.??"]

1. d4 d5 2. c4 c6 3. Nf3 Nf6 4. Nc3 dxc4 5. e4 b5 6. e5 Nd5 7. a4 e6 8. Ng5 h6
9. Qh5 hxg5 10. Qxh8 Nb4 11. Be2 Nc2+ 12. Kf1 Qxd4 13. Be3 Nxe3+ 14. fxe3 Qxe3
15. Bf3 g4 16. Re1 Qd3+ 17. Kf2 gxf3 18. gxf3 Nd7 19. f4 Bb7 20. Rd1 Qc2+ 21.
Kg3 Qg6+ 22. Kf2 O-O-O 0-1

[Event "Championnat de France - Open A"]
[Site "NANCY"]
[Date "2013.08.18"]
[Round "6.1"]
[White "Bianchi, Guillaume"]
[Black "Mirimanian, Haik"]
[Result "1/2-1/2"]
[WhiteElo "2175"]
[BlackElo "2111"]
[PlyCount "71"]
[EventDate "2013.??.??"]

1. Nf3 g6 2. c4 Bg7 3. d4 d6 4. Nc3 e5 5. dxe5 dxe5 6. Qxd8+ Kxd8 7. Ng5 Nh6 8.
Bd2 c6 9. g3 f6 10. Nge4 Nf7 11. h4 h5 12. Rd1 Kc7 13. Rc1 Rd8 14. Bg2 f5 15.
Nc5 e4 16. Be3 b6 17. Nb3 Be6 18. Nd2 Be5 19. Bh3 Re8 20. b3 Kb7 21. O-O Nd7
22. Kh2 Rad8 23. Rc2 Nf6 24. Rfc1 Rd7 25. Kg2 Bc7 26. Nf1 Be5 27. Nd2 Ree7 28.
Nf1 Bb8 29. Nd2 Bc7 30. Nf1 Rd8 31. Nd2 Be5 32. Kh2 Ree8 33. Kg2 Bc7 34. Kh2
Be5 35. Kg2 Bc7 36. Kh2 1/2-1/2

[Event "Championnat de France - Open A"]
[Site "NANCY"]
[Date "2013.08.18"]
[Round "6.2"]
[White "Dudognon, Thibault"]
[Black "Rubino, William"]
[Result "1/2-1/2"]
[WhiteElo "2001"]
[BlackElo "2123"]
[PlyCount "111"]
[EventDate "2013.??.??"]

1. e4 c5 2. Nf3 d6 3. d4 cxd4 4. Nxd4 Nf6 5. Nc3 a6 6. g3 Nc6 7. Bg2 Bd7 8. O-O
g6 9. h3 Nxd4 10. Qxd4 Bg7 11. Be3 O-O 12. Qd2 Bc6 13. f4 Nd7 14. Rad1 Rc8 15.
Bd4 Bxd4+ 16. Qxd4 Qb6 17. Qxb6 Nxb6 18. Rd4 Nd7 19. Rf2 Rfe8 20. h4 Rc7 21.
Nd5 Bxd5 22. Rxd5 Rc5 23. Rfd2 Rxd5 24. Rxd5 Nb6 25. Rd4 a5 26. Bh3 Rd8 27. e5
d5 28. Bf1 Rc8 29. c3 e6 30. Kf2 Kf8 31. g4 Ke7 32. Ke3 Rc7 33. Bd3 Rc8 34. Bf1
Rc7 35. Bd3 Rc8 36. Bb5 Rc5 37. Be2 Rc8 38. Kd2 Rc7 39. Ke3 Rc8 40. Kf3 Rc7 41.
h5 Nd7 42. g5 Rc5 43. h6 Nb8 44. Ke3 Rc7 45. Ra4 b6 46. Bb5 Nd7 47. Bxd7 Kxd7
48. Kd3 Rc8 49. Rd4 Rc5 50. c4 Rxc4 51. Rxc4 dxc4+ 52. Kxc4 Kc6 53. a4 Kc7 54.
Kb5 Kb7 55. b3 Kc7 56. b4 1/2-1/2

[Event "Championnat de France - Open A"]
[Site "NANCY"]
[Date "2013.08.18"]
[Round "6.3"]
[White "Kassis, Antoine"]
[Black "Samoun, Florent"]
[Result "0-1"]
[WhiteElo "2108"]
[BlackElo "2116"]
[PlyCount "66"]
[EventDate "2013.??.??"]

1. d4 e6 2. c4 Nf6 3. Nf3 d5 4. Nc3 c6 5. g3 Be7 6. Bg2 O-O 7. O-O Qa5 8. Qc2
dxc4 9. e4 Na6 10. a3 b5 11. Rd1 Bb7 12. Bg5 Qc7 13. e5 Nd5 14. Ne4 f6 15. exf6
gxf6 16. Bh6 Rf7 17. Bh3 Bc8 18. Re1 c5 19. Rad1 Qb6 20. dxc5 Nxc5 21. Nxc5
Bxc5 22. Rxd5 exd5 23. Re8+ Bf8 24. Bxc8 Qc6 25. Bd7 Rxd7 26. Rxa8 Qxa8 27. Qf5
Rf7 28. Be3 Qd8 29. Bd4 Qd7 30. Qh5 Bg7 31. Nh4 f5 32. Qg5 Qe7 33. Qd2 Bxd4 0-1

[Event "Championnat de France - Open A"]
[Site "NANCY"]
[Date "2013.08.18"]
[Round "6.4"]
[White "Najart, David"]
[Black "Peyre, Thomas"]
[Result "0-1"]
[WhiteElo "2156"]
[BlackElo "2098"]
[PlyCount "47"]
[EventDate "2013.??.??"]

1. c4 e5 2. g3 Nf6 3. Bg2 c6 4. d4 e4 5. d5 Bb4+ 6. Bd2 Qe7 7. Nc3 O-O 8. e3 d6
9. Nxe4 Bg4 10. Nxf6+ Qxf6 11. Qc2 Na6 12. f3 Bd7 13. dxc6 Bxc6 14. Bxb4 Nxb4
15. Qd2 Nd3+ 16. Ke2 Nxb2 17. Rb1 Nxc4 18. Qd3 d5 19. Kf2 Rfe8 20. Re1 Ne5 21.
Qd4 Bb5 22. Bf1 Bxf1 23. Rxf1 Rac8 24. Qf4 0-1